000
00252nam a22001217a 4500
008
170220b xxu||||| |||| 00| 0 eng d
041
_a
eng
080
_a
615
100
_a
5
101
_a
SHF
245
_a
DRUGS OF CHOICE
_c
ABRAMOWICZ
942
_2
udc
_c
BK
999
_c
5813
_d
5813